| 000 | 00370cam a2200145ua 4500 | ||
|---|---|---|---|
| 020 | _a9788131521052 | ||
| 082 |
_a515.1 _bSTE/CA |
||
| 100 |
_aStewart , James . _91337 |
||
| 245 | _aCalculus Early TranscendentaLs / | ||
| 250 | _a5 / 7 | ||
| 260 |
_aDelhi _bThomson , Cengage Learning _c2012 |
||
| 300 | _a1170, A1 to A146 | ||
| 500 | _aMetrics version | ||
| 942 | _cBK | ||
| 999 |
_c13278 _d13278 |
||